Normal view MARC view

Entry Nombre personal

Number of records used in: 36

001 - NÚMERO DE CONTROL

  • campo de control: 96698

003 - IDENTIFICADOR DE NÚMERO DE CONTROL

  • campo de control: OSt

005 - FECHA Y HORA DE LA ÚLTIMA TRANSACCIÓN

  • campo de control: 20251009173349.0

008 - ELEMENTOS DE DATO DE LONGITUD-FIJA

  • campo de control de longitud fija: 920124 n acnnnaaan n ann d

040 ## - FUENTE DE CATALOGACIÓN

  • Centro catalogador/agencia de origen: OSt
  • Centro/agencia transcriptor: OSt

100 1# - ENCABEZAMIENTO-NOMBRE DE PERSONA

  • Nombre de persona: Riba, Carles,
  • Fechas asociadas al nombre: 1893-1959

400 1# - TRAZADO DE VÉASE--NOMBRE DE PERSONA

  • Nombre de persona: Riba, Carlos (
  • Fechas asociadas al nombre: 1893-1959)

400 1# - TRAZADO DE VÉASE--NOMBRE DE PERSONA

  • Nombre de persona: Riba Bracons, Carles (
  • Fechas asociadas al nombre: 1893-1959)

400 1# - TRAZADO DE VÉASE--NOMBRE DE PERSONA

  • Nombre de persona: Riba i Bracons, Carles (
  • Fechas asociadas al nombre: 1893-1959)